000 00624nam a22001937a 4500
005 20251108164957.0
008 250721s1986 xx 000 0 ara d
082 1 4 _a214.1/سيد
100 1 _aالسيد، مجدي بن فتحي
245 1 0 _aالخوف من الله و أحوال أهله /
264 1 _aالقاهره :
_bدار البشير للطباعه والنشر و التوزيع،
_c1986.
300 _a86ص
650 1 7 _aالإسلام
650 1 7 _aأصول الدين الإسلامي
650 1 7 _aالتوحيد
700 1 _aغانم، نبيل
_eتقديم
942 _2ddc
_cBK
999 _c18884
_d18884